<?xml version="1.0" encoding="UTF-8"?>
<record
    xmlns:xsi="http://www.w3.org/2001/XMLSchema-instance"
    xsi:schemaLocation="http://www.loc.gov/MARC21/slim http://www.loc.gov/standards/marcxml/schema/MARC21slim.xsd"
    xmlns="http://www.loc.gov/MARC21/slim">

  <leader>00891nam a2200277 a 4500</leader>
  <datafield tag="999" ind1=" " ind2=" ">
    <subfield code="c">7484</subfield>
    <subfield code="d">7484</subfield>
  </datafield>
  <controlfield tag="001">991017975859706706</controlfield>
  <controlfield tag="003">OSt</controlfield>
  <controlfield tag="005">20211202113836.0</controlfield>
  <controlfield tag="008">030514s2003    spc||||||     000 f|spa  </controlfield>
  <datafield tag="015" ind1=" " ind2=" ">
    <subfield code="a">LL2003</subfield>
    <subfield code="2">bnc</subfield>
  </datafield>
  <datafield tag="017" ind1=" " ind2=" ">
    <subfield code="a">DL B. 3065-2003 (corregit)</subfield>
    <subfield code="b">Biblioteca de Catalunya</subfield>
  </datafield>
  <datafield tag="020" ind1=" " ind2=" ">
    <subfield code="a">8493288632</subfield>
  </datafield>
  <datafield tag="035" ind1=" " ind2=" ">
    <subfield code="a">(ES-BaCBU)b29477906-34csuc_network</subfield>
  </datafield>
  <datafield tag="035" ind1=" " ind2=" ">
    <subfield code="a">(ES-BaCBU).b29477906</subfield>
  </datafield>
  <datafield tag="035" ind1=" " ind2=" ">
    <subfield code="a">(ccuc001)b29477906</subfield>
  </datafield>
  <datafield tag="040" ind1=" " ind2=" ">
    <subfield code="a">ES-BaBC</subfield>
    <subfield code="b">cat</subfield>
    <subfield code="c">CDMR</subfield>
  </datafield>
  <datafield tag="080" ind1=" " ind2=" ">
    <subfield code="a">849.9-3"19"</subfield>
  </datafield>
  <datafield tag="100" ind1="1" ind2=" ">
    <subfield code="a">P&#xE0;mies, Teresa</subfield>
    <subfield code="9">2958</subfield>
  </datafield>
  <datafield tag="245" ind1="1" ind2="0">
    <subfield code="a">Opini&#xF3; inconformista :</subfield>
    <subfield code="b">vuitanta-set dilluns a l'AVUI /</subfield>
    <subfield code="c">Teresa P&#xE0;mies</subfield>
  </datafield>
  <datafield tag="260" ind1=" " ind2=" ">
    <subfield code="a">Barcelona :</subfield>
    <subfield code="b">Ara Llibres,</subfield>
    <subfield code="c">2003</subfield>
  </datafield>
  <datafield tag="300" ind1=" " ind2=" ">
    <subfield code="a">206 p. ;</subfield>
    <subfield code="c">21 cm</subfield>
  </datafield>
  <datafield tag="907" ind1=" " ind2=" ">
    <subfield code="a">.b29477906</subfield>
    <subfield code="b">17-06-21</subfield>
    <subfield code="c">08-05-08</subfield>
    <subfield code="d">07-05-08</subfield>
    <subfield code="e">m</subfield>
    <subfield code="f">a</subfield>
    <subfield code="g">-</subfield>
    <subfield code="h">cat</subfield>
    <subfield code="i">spc</subfield>
    <subfield code="j">0</subfield>
    <subfield code="k">10</subfield>
  </datafield>
  <datafield tag="908" ind1=" " ind2=" ">
    <subfield code="a">BMON</subfield>
    <subfield code="a">AHCB</subfield>
    <subfield code="a">CLR</subfield>
    <subfield code="a">UAB</subfield>
    <subfield code="a">UB</subfield>
    <subfield code="a">UPC</subfield>
    <subfield code="a">URL</subfield>
    <subfield code="a">BPEB</subfield>
    <subfield code="a">BC</subfield>
    <subfield code="a">ANC</subfield>
  </datafield>
  <datafield tag="940" ind1=" " ind2=" ">
    <subfield code="a">BC</subfield>
  </datafield>
  <datafield tag="942" ind1=" " ind2=" ">
    <subfield code="2">udc</subfield>
    <subfield code="c">MON</subfield>
  </datafield>
  <datafield tag="952" ind1=" " ind2=" ">
    <subfield code="0">0</subfield>
    <subfield code="1">0</subfield>
    <subfield code="4">0</subfield>
    <subfield code="7">0</subfield>
    <subfield code="a">CDMR</subfield>
    <subfield code="b">CDMR</subfield>
    <subfield code="d">2021-12-02</subfield>
    <subfield code="e">Donaci&#xF3;</subfield>
    <subfield code="g">25.00</subfield>
    <subfield code="l">0</subfield>
    <subfield code="o">Du 6/108</subfield>
    <subfield code="p">CDMR21120016</subfield>
    <subfield code="r">2021-12-02</subfield>
    <subfield code="w">2021-12-02</subfield>
    <subfield code="y">MON</subfield>
  </datafield>
</record>
